000 00348nam a2200145 i 4500
001 bg
100 1 _aBALANDIN, Rudolf Konstantinovic
245 0 _aCzas, ziema, mózg /
_cR.K. Balandin.
260 _aWarszawa,
_c1976.
040 _cBPK
041 _apol
080 _a55::576.1:591.1
942 _cKS
008 s pl f |000 0 pol
999 _c26893
_d26893
856 _uhttp://koha.tu.koszalin.pl/cgi-bin/koha/opac-detail.pl?biblionumber=26893
_yKatalog online BPK